000 00618nam a2200229 i 4500
001 C2-0133660
003 PPAK
005 20180727123519.0
008 971201s1972 enk |||| ||||| | eng d
020 _a0304938793
040 _aPPAK
_beng
_cPPAK
_erda
082 0 4 _a060.148
_223
090 0 0 _a060.148
_bCAS
_dG
245 0 0 _aCassell's dictionary of abbreviations
264 1 _aLondon :
_bCassell ,
_c1972
300 _a245 pages ;
_c18 cm
336 _2rdacontent
_atext
337 _2rdamedia
_aunmediated
338 _2rdacarrier
_avolume
700 1 _aGurnett, J.W. ; Kyte, C.H.J.,
_ecompile
942 _ddc
_cB
999 _c42115
_d42115